000 00533cam a2200205ua 4500
020 _c46.00
041 _aeng
_h
082 _a551.492
_bDHR/WA
100 _aDhruvanarayana, V.V.
245 _aWatershed management /
_cV.V.Dhruvanarayana.
_hTextual Documents
260 _aNew Delhi :
_bIndian Council for Agricultural Research ,
_c1990.
300 _a176 ; .
365 _a46.00
504 _a
700 1 _aPatnaik, U.S .
700 1 _aSastry, G .
942 _cBK
999 _c10759
_d10759